000
00350nam a2200157Ia 4500
100
_a
Palady/Paul
650
_a
Electrical Engineering
942
_c
BK
654
_a
Engineering
245
_a
Failure Modes & Effects analysis
260
_b
P.J. Pub
_a
NONE
_c
1995
082
_a
658.562
_b
DAL
300
_a
329
546
_a
ENGLISH
999
_c
25172
_d
25172